000 00442nam a2200169 a 4500
001 0000-8775
003 ELIB.Books
008 110520 1976
035 _a(ELIB.Books)0000-8921
082 _a221
_bHin
100 _aHinson, David F.
245 _aTheology of the Old Testament ( O.T Introduction 3 )
260 _bLondon: S.P.C.K
_c1976
650 _aOld Testament
942 _2ddc
_cBK
998 _cbat
_e2011-05-20
999 _c8775
_d8775